000 00881cab a2200253 4500
001 WB2837-51
008 090401t1992 xxu||||| |||| 00| 0 eng d
035 _a(Sirsi) u19382
041 _aeng
245 _aIperion
260 _c1992
350 _a0
490 _aEstates Gazette
_v(9237) 19 September 1992, 135(1)
520 _aDiscusses aspects of "Iperion Investments Corporation v Broadwalk House Residents Ltd" (Abs46420) including relief from forfeiture and costs.
600 _aIPERION INVESTMENTS V BROADWALK HOUSE RESIDENTS
650 _aLEASES
650 _aRELIEF FROM FORFEITURE
650 _aPROPERTY-RESIDENTIAL PROPERTY-RESIDENTIAL LANDLORD AND TENANT-RESIDENTIAL TENANCIES
650 _aWAIVER
650 _aIPERION INVESTMENTS V BROADWALK HOUSE RESIDENTS
690 _aLANDLORD AND TENANT-BUSINESS TENANCIES
942 _n0
948 _c04/03/1997
999 _c12933
_d12933